Chemical engineering kinetics (Record no. 6589)

000 -LEADER
fixed length control field 00510nam a2200193 4500
001 - CONTROL NUMBER
control field 6589
003 - CONTROL NUMBER IDENTIFIER
control field BD-DhUET
008 - FIXED-LENGTH DATA ELEMENTS--GENERAL INFORMATION
fixed length control field 700825s1970 nyua b 001 0 eng
040 ## - CATALOGING SOURCE
Transcribing agency 0
Modifying agency BD-DhUET
Original cataloging agency DLC
082 00 - DEWEY DECIMAL CLASSIFICATION NUMBER
Classification number 541.39
Item number SMI/1970
100 ## - MAIN ENTRY--PERSONAL NAME
Personal name Smith, J. M.
245 10 - TITLE STATEMENT
Title Chemical engineering kinetics
250 ## - EDITION STATEMENT
Edition statement 2nd ed.
260 ## - PUBLICATION, DISTRIBUTION, ETC. (IMPRINT)
Place of publication, distribution, etc. New York
Name of publisher, distributor, etc. McGraw-Hill
Date of publication, distribution, etc. 1970
300 ## - PHYSICAL DESCRIPTION
Extent xviii, 612p.
Other physical details ill.
490 0# - SERIES STATEMENT
Series statement McGraw-Hill chemical engineering series
650 #0 - SUBJECT ADDED ENTRY--TOPICAL TERM
Topical term or geographic name as entry element Kinetics : Physical chemistry
942 ## - ADDED ENTRY ELEMENTS (KOHA)
Koha item type General Book
Holdings
Withdrawn status Piece designation (barcode) Koha full call number Koha date last seen Lost status Koha item type Not for loan Koha normalized classification for sorting Shelving location Date acquired Copy number Sublocation or collection (holding branch) Location (home branch) Damaged status Price effective from Source of classification or shelving scheme
 84576541.39/SMI/19702014-12-04 General Book 541_390000000000000_SMI_1970Circulation section2014-12-041Central Library, BUETCentral Library, BUET 2014-12-04 
 29865541.39/SMI/19702014-12-12 General Book 541_390000000000000_SMI_1970Circulation section2014-12-122Central Library, BUETCentral Library, BUET 2014-12-12 
 29867541.39/SMI/19702014-12-12 General Book 541_390000000000000_SMI_1970Circulation section2014-12-123Central Library, BUETCentral Library, BUET 2014-12-12 
 29863541.39/SMI/19702014-12-12 General Book 541_390000000000000_SMI_1970Circulation section2014-12-124Central Library, BUETCentral Library, BUET 2014-12-12 
 29871541.39/SMI/19702015-03-11 General Book 541_390000000000000_SMI_1970Circulation section2015-03-115Central Library, BUETCentral Library, BUET 2015-03-11 
 29868541.39/SMI/19702015-03-14 General Book 541_390000000000000_SMI_1970Circulation section2015-03-146Central Library, BUETCentral Library, BUET 2015-03-14 
 37045541.39/SMI/19702015-03-14 General Book 541_390000000000000_SMI_1970Circulation section2015-03-147Central Library, BUETCentral Library, BUET 2015-03-14 
 29869541.39/SMI/19702015-04-23 General Book 541_390000000000000_SMI_1970Circulation section2015-04-238Central Library, BUETCentral Library, BUET 2015-04-23 
 29859541.39/SMI/19702015-04-23 General Book 541_390000000000000_SMI_1970Circulation section2015-04-239Central Library, BUETCentral Library, BUET 2015-04-23 
 29870541.39/SMI/19702015-04-26 General Book 541_390000000000000_SMI_1970Circulation section2015-04-2610Central Library, BUETCentral Library, BUET 2015-04-26 
 29861541.39/SMI/19702015-04-26 General Book 541_390000000000000_SMI_1970Circulation section2015-04-2611Central Library, BUETCentral Library, BUET 2015-04-26 
 25967541.39/SMI/19702015-04-27 General Book 541_390000000000000_SMI_1970Circulation section2015-04-2712Central Library, BUETCentral Library, BUET 2015-04-27 
 29860541.39/SMI/19702015-04-27 General Book 541_390000000000000_SMI_1970Circulation section2015-04-2713Central Library, BUETCentral Library, BUET 2015-04-27 
 29862541.39/SMI/19702015-06-08 Reading Item 541_390000000000000_SMI_1970Reading section2015-06-0814Central Library, BUETCentral Library, BUET 2015-06-08 
 29866541.39/SMI/19702015-06-08 Reading Item 541_390000000000000_SMI_1970Reading section2015-06-0815Central Library, BUETCentral Library, BUET 2015-06-08 
 29872541.39/SMI/19702015-06-08 Reading Item 541_390000000000000_SMI_1970Reading section2015-06-0816Central Library, BUETCentral Library, BUET 2015-06-08 
 29864541.39/SMI/19702015-06-08 Reading Item 541_390000000000000_SMI_1970Reading section2015-06-0817Central Library, BUETCentral Library, BUET 2015-06-08